[Event "St Petersburg Autumn op"]
[Site "St Petersburg"]
[Date "2011.11.04"]
[Round "8"]
[White "Opanasenko, Mikhail"]
[Black "Zakharov, Yuri Vasilievich"]
[Result "1/2-1/2"]
[WhiteElo "2020"]
[BlackElo "1869"]
[PlyCount "76"]
[EventDate "2011.10.28"]
[EventType "swiss"]
[EventRounds "9"]
[EventCountry "RUS"]
[SourceTitle "EXT 2013"]
[Source "ChessBase"]
[SourceDate "2012.11.22"]
[SourceVersion "1"]
[SourceVersionDate "2012.11.22"]
[SourceQuality "1"]

1. e4 e5 2. Nf3 Nc6 3. Bb5 a6 4. Ba4 Nf6 5. d4 exd4 6. e5 Ne4 7. 0-0 Be7 8. Nxd4 Nxd4 9. Qxd4 Nc5 10. Bb3 Nxb3 11. axb3 0-0 12. Bf4 f6 13. Nc3 fxe5 14. Bxe5 Bf6 15. Qc4+ d5 16. Qxc7 Qxc7 17. Bxc7 Bf5 18. Nxd5 Bxc2 19. Nxf6+ Rxf6 20. b4 Bd3 21. Rfd1 Bb5 22. Be5 Re6 23. Bc3 Rae8 24. Re1 Rxe1+ 25. Rxe1 Rxe1+ 26. Bxe1 Kf7 27. Bc3 Bc6 28. f4 Bb5 29. Kf2 Bc6 30. g4 Bb5 31. Ke3 Bc6 32. f5 Bh1 33. Kf4 Bc6 34. h4 Bd7 35. h5 Bc6 36. g5 g6 37. fxg6+ hxg6 38. h6 Kg8 1/2-1/2

[Event "St Petersburg Autumn op"]
[Site "St Petersburg"]
[Date "2011.11.03"]
[Round "7"]
[White "Matrosov, Vladimir"]
[Black "Opanasenko, Mikhail"]
[Result "1-0"]
[WhiteElo "2171"]
[BlackElo "2020"]
[PlyCount "129"]
[EventDate "2011.10.28"]
[EventType "swiss"]
[EventRounds "9"]
[EventCountry "RUS"]
[SourceTitle "EXT 2013"]
[Source "ChessBase"]
[SourceDate "2012.11.22"]
[SourceVersion "1"]
[SourceVersionDate "2012.11.22"]
[SourceQuality "1"]

1. f4 Nf6 2. Nf3 g6 3. e3 c5 4. d4 cxd4 5. exd4 Bg7 6. Bd3 0-0 7. 0-0 d5 8. c3 Nc6 9. Nbd2 Bf5 10. Bxf5 gxf5 11. Ne5 Qc7 12. Qf3 e6 13. Qh3 Ne4 14. Ndf3 Rac8 15. Be3 b5 16. Nxc6 Qxc6 17. Ne5 Qb7 18. g4 fxg4 19. Qxg4 f5 20. Qg2 Kh8 21. Kh1 Rg8 22. Qe2 Bxe5 23. fxe5 Rg4 24. Rg1 Rcg8 25. Rxg4 Rxg4 26. Rg1 Rxg1+ 27. Kxg1 Qg7+ 28. Kf1 Qg4 29. Qxg4 fxg4 30. Ke2 Kg7 31. Kd3 Kg6 32. b3 Ng5 33. Bxg5 Kxg5 34. c4 bxc4+ 35. bxc4 dxc4+ 36. Kxc4 h5 37. d5 exd5+ 38. Kxd5 h4 39. e6 g3 40. hxg3 h3 41. e7 h2 42. e8Q h1Q+ 43. Qe4 Qd1+ 44. Ke6 Qg1 45. Qf4+ Kg6 46. Qf5+ Kh6 47. Qf6+ Kh7 48. Qh4+ Kg6 49. Qg4+ Kh7 50. Qh5+ Kg7 51. Qg5+ Kh7 52. Qe7+ Kg6 53. Qd6 Kh7 54. Qd3+ Kg7 55. Qb3 Kg6 56. Kd5 Qg2+ 57. Kc5 Qf2+ 58. Kc6 Qg2+ 59. Kc7 Kg5 60. a4 Qd2 61. Qg8+ Kf5 62. Qf7+ Ke4 63. Qf4+ Qxf4+ 64. gxf4 a5 65. Kb6 1-0